Missing Word: Harry Potter Chapters Book 6 Quiz Stats

 Plays Quiz Updated Jul 20, 2019

Score 0/27 Timer 03:00
4 Plays Today
Chapter Title Missing Word % Correct
The Half-Blood ____Prince
95.3%
____ SlughornHorace
87.1%
____ FelicisFelix
80.5%
The ____ VowUnbreakable
79.5%
Spinner's ____End
78.4%
The ____ ClubSlug
76.5%
The ____ of GauntHouse
73.1%
____ Voldemort's RequestLord
70.2%
The ____ MinisterOther
69.1%
The Lightning-Struck ____Tower
61.8%
A Very Frosty ____Christmas
58.7%
The White ____Tomb
56.1%
The ____ LamentPhoenix
55.5%
An Excess of ____Phlegm
54.9%
Chapter Title Missing Word % Correct
Hermione's ____ HandHelping
50.8%
____ of the PrinceFlight
49.9%
____ the BurialAfter
46.8%
____ VictoriousSnape
46.1%
Will and ____Won't
45.9%
The ____ RiddleSecret
43.2%
A Sluggish ____Memory
42.8%
The ____ OverheardSeer
34.5%
Draco's ____Detour
32.4%
The Unknowable ____Room
31.1%
____ TailsElf
30.2%
____ and OpalsSilver
27.1%
____ SurprisesBirthday
25%

Today's Daily Dose

Missing Word
Banned Books (A-Z)

Word Ladder
Janis Joplin

Get the Picture
Occupations

You're not logged in!

Compare scores with friends on all Sporcle quizzes.
OR
Log In

Sporcle TV

Today on Sporcle TV


Watch our educational content, quiz creation guides, and fun videos on Sporcle TV.

Show Comments

Extras

Top Quizzes Today


Score Distribution

Your Account Isn't Verified!

In order to create a playlist on Sporcle, you need to verify the email address you used during registration. Go to your Sporcle Settings to finish the process.

Report this User

Report this user for behavior that violates our Community Guidelines.

Details: